000 00539nam a22002177a 4500
999 _c6794
_d6794
001 6794
003 BD-JhCC
005 20180130105811.0
008 180130b xxu||||| |||| 00| 0 eng d
035 _a(BD-JhCC)6794
040 _aBD-JhCC
_dBD-JhCC
041 _aeng
082 _a891.733
_bRIE 1944
100 _aRieu, B. V.
245 _aWar and peace 2 /
_cB. V. Rieu
260 _aEngland :
_bThe Penguin Classics Founder,
_c1944.
300 _a1443 p. :
_c18 cm.
650 _aRussian Fiction
942 _2ddc
_cBK